书目信息 |
| 题名: |
外国语言文学论丛
|
|
| 作者: | 石发林 , 陈才 主编 | |
| 分册: | ||
| 出版信息: | 成都 电子科技大学出版社 2013 |
|
| 页数: | 449页 | |
| 开本: | 24cm | |
| 丛书名: | ||
| 单 册: | ||
| 中图分类: | H0-53 , I106 | |
| 科图分类: | ||
| 主题词: | 语言学--国外--文集 , 外国文学--文学研究--文集 , 语言学 , 外国文学 , 文学研究 | |
| 电子资源: | ||
| ISBN: | 978-7-5647-1426-0 | |
| 000 | 00990nam0 2200313 450 | |
| 001 | 012001002075 | |
| 005 | 20140926114740.0 | |
| 010 | @a978-7-5647-1426-0@dCNY85.00 | |
| 090 | @aH0-5@bsfl | |
| 100 | @a20140429d2013 em y0chiy50 ea | |
| 101 | 0 | @achi@aeng |
| 102 | @aCN@b510000 | |
| 105 | @ay z 000yy | |
| 106 | @ar | |
| 200 | 1 | @a外国语言文学论丛@9wai guo yu yan wen xue lun cong@f石发林,陈才主编 |
| 210 | @a成都@c电子科技大学出版社@d2013 | |
| 215 | @a449页@d24cm | |
| 330 | @a本书汇集了辛勤耕耘在外语教学第一线的广大教师和教育工作者的教学及科研成果,内容涉及语言学、文学、文化、翻译、教学法、电化教学等领域。 | |
| 606 | 0 | @a语言学@x国外@j文集 |
| 606 | 0 | @a外国文学@x文学研究@j文集 |
| 606 | 0 | @a语言学 |
| 606 | 0 | @a外国文学 |
| 606 | 0 | @a文学研究 |
| 690 | @aH0-53@v5 | |
| 690 | @aI106@v5 | |
| 701 | 0 | @a石发林@9shi fa lin@f(1965.3~)@4主编 |
| 701 | 0 | @a陈才@9chen cai@c(外语教学)@4主编 |
| 801 | 0 | @aCN@b上海新华@c20180901 |
| 905 | @b1160031-5@dH0-53@e278@f5 | |
| 外国语言文学论丛/石发林,陈才主编.-成都:电子科技大学出版社,2013 |
| 449页;24cm |
| ISBN 978-7-5647-1426-0:CNY85.00 |
| 本书汇集了辛勤耕耘在外语教学第一线的广大教师和教育工作者的教学及科研成果,内容涉及语言学、文学、文化、翻译、教学法、电化教学等领域。 |
| ● |
| 相关链接 |
|
|
|
|
正题名:外国语言文学论丛
索取号:H0-53/278
 
预约/预借
| 序号 | 登录号 | 条形码 | 馆藏地/架位号 | 状态 | 备注 |
| 1 | 1160031 | 211600310 | 第二样本阅览室/ [索取号:H0-53/278] | 在馆 | |
| 2 | 1160032 | 211600329 | 第四借阅区/ [索取号:H0-53/278] | 在馆 | |
| 3 | 1160033 | 211600338 | 密集书库-文学院/ [索取号:H0-53/278] | 在馆 | |
| 4 | 1160034 | 211600347 | 第四借阅区/ [索取号:H0-53/278] | 在馆 | |
| 5 | 1160035 | 211600356 | 第四借阅区/ [索取号:H0-53/278] | 在馆 |